[Event "ODJM B 2016"]
[Site "Willingen GER"]
[Date "2016.05.15"]
[Round "2"]
[White "Von Jan, Lena"]
[Black "Waligora, Franciszek"]
[Result "1-0"]
[Termination "normal"]
[Board "26"]
[WhiteElo "1420"]
[BlackElo "1021"]
[PlyCount "129"]
[WhiteFideId "12946060"]
[BlackFideId "4005120"]
[EventCountry "GER"]
[EventRounds "9"]
[EventType "swiss"]
[EventDate "2016.05.14"]

1. e4 d5 2. exd5 c6 3. dxc6 Nxc6 4. Nc3 e5 5. Nf3 Bb4 6. Bb5 Bxc3 7. bxc3 Bd7
8. Qe2 Qe7 9. O-O f6 10. Re1 a6 11. Bc4 b5 12. Bb3 Rd8 13. c4 b4 14. Bb2 Nh6
15. a3 a5 16. axb4 axb4 17. Ba4 O-O 18. Qe4 Rc8 19. Qe2 Nf5 20. c3 bxc3 21.
Bxc3 Rfe8 22. d3 g6 23. Bxc6 Bxc6 24. Nd2 Nh4 25. f3 Qc5+ 26. Qf2 Qxf2+ 27.
Kxf2 Rcd8 28. g3 Nf5 29. Ke2 Nd4+ 30. Bxd4 exd4+ 31. Kf2 f5 32. Nb3 Kf7 33.
Ra7+ Kg8 34. Rxe8+ Bxe8 35. Re7 h6 36. Nxd4 Rxd4 37. Rxe8+ Kf7 38. Re3 Rd6 39.
f4 Re6 40. Rxe6 Kxe6 41. d4 Kd6 42. Kf3 Kc6 43. g4 fxg4+ 44. Kxg4 Kd6 45. f5
gxf5+ 46. Kxf5 h5 47. d5 Kd7 48. c5 Kc7 49. Ke6 Kd8 50. d6 Ke8 51. c6 Kd8 52.
c7+ Kc8 53. Ke7 h4 54. d7+ Kxc7 55. d8=Q+ Kc6 56. Qd6+ Kb5 57. Qc7 Kb4 58. Kd6
Kb3 59. Qc5 Kb2 60. Kd5 Kb3 61. Kd4 Kb2 62. Kd3 Kb3 63. Qb5+ Ka3 64. Kc2 Ka2
65. Qb2# 1-0

[Event "ODJM B 2016"]
[Site "Willingen GER"]
[Date "2016.05.15"]
[Round "2"]
[White "Rachor, Felix"]
[Black "Burdot, Louis"]
[Result "1-0"]
[Termination "normal"]
[Board "27"]
[WhiteElo "1580"]
[BlackElo "1214"]
[PlyCount "71"]
[WhiteFideId "16200209"]
[BlackFideId "4004760"]
[EventCountry "GER"]
[EventRounds "9"]
[EventType "swiss"]
[EventDate "2016.05.14"]

1. e4 e5 2. Nf3 Nf6 3. Nc3 Nc6 4. d4 exd4 5. Nxd4 Bb4 6. Nxc6 bxc6 7. Bd3 d5 8.
exd5 Nxd5 9. Bd2 Nxc3 10. bxc3 Bd6 11. O-O Qh4 12. Qe2+ Kd8 13. g3 Qf6 14. Qh5
Qe5 15. Qxf7 Bh3 16. Rfe1 Qd5 17. Qxd5 cxd5 18. Bg5+ Kd7 19. c4 d4 20. Rad1 h6
21. Bd2 Bg4 22. Be2 Bxe2 23. Rxe2 Rhe8 24. Rxe8 Rxe8 25. c3 d3 26. Be3 Kc6 27.
Rxd3 Bc5 28. Bd4 Re2 29. Bxc5 Kxc5 30. Rd7 Kxc4 31. Rxc7+ Kd3 32. Rxa7 Kxc3 33.
Rxg7 Rxa2 34. Rg6 h5 35. Rg5 h4 36. gxh4 1-0

[Event "ODJM B 2016"]
[Site "Willingen GER"]
[Date "2016.05.15"]
[Round "2"]
[White "Voltmer, Victor"]
[Black "Bünte, Judith"]
[Result "0-1"]
[Termination "normal"]
[Board "28"]
[WhiteElo "1028"]
[BlackElo "1468"]
[PlyCount "126"]
[BlackFideId "16222342"]
[EventCountry "GER"]
[EventRounds "9"]
[EventType "swiss"]
[EventDate "2016.05.14"]

1. e4 e5 2. Nf3 Nc6 3. Bc4 Nf6 4. Nc3 Bc5 5. d3 d6 6. Bg5 Be6 7. Bxf6 Qxf6 8.
Nd5 Qd8 9. O-O O-O 10. c3 Bg4 11. b4 Bb6 12. Nxb6 axb6 13. h3 Be6 14. Bb3 Ne7
15. d4 Ng6 16. Bxe6 fxe6 17. dxe5 Nxe5 18. Nxe5 dxe5 19. Qb3 Qe7 20. Qc4 c6 21.
Rfd1 Rad8 22. b5 cxb5 23. Qxb5 Qc5 24. Qxc5 bxc5 25. Rab1 Rb8 26. Rd7 Rf7 27.
Rxf7 Kxf7 28. Rb5 b6 29. Kh2 Ke7 30. Kg3 Kd7 31. f4 Kc6 32. c4 Ra8 33. Rb2 Ra3+
34. Kg4 Re3 35. g3 Rxe4 36. Rc2 exf4 37. Kf3 Re1 38. Kxf4 e5+ 39. Kf3 e4+ 40.
Kf2 Rd1 41. Ke3 Rd3+ 42. Kf4 e3 43. Re2 Rd4+ 44. Kxe3 Rxc4 45. Kd3 Rd4+ 46. Kc3
b5 47. Rd2 Rxd2 48. Kxd2 Kd5 49. Kd3 g6 50. g4 Ke5 51. Ke3 h6 52. a3 g5 53. Ke2
Ke4 54. Kf2 Kd4 55. Ke1 Kc3 56. Kd1 Kb3 57. Kc1 Kxa3 58. Kb1 b4 59. Ka1 c4 60.
Kb1 b3 61. Kc1 c3 62. Kb1 c2+ 63. Kc1 Ka2 0-1

[Event "ODJM B 2016"]
[Site "Willingen GER"]
[Date "2016.05.15"]
[Round "2"]
[White "Hierl, Johannes"]
[Black "Gehrke, Jakob"]
[Result "1/2-1/2"]
[Termination "normal"]
[Board "29"]
[WhiteElo "1142"]
[BlackElo "1303"]
[PlyCount "61"]
[WhiteFideId "16235096"]
[BlackFideId "12993905"]
[EventCountry "GER"]
[EventRounds "9"]
[EventType "swiss"]
[EventDate "2016.05.14"]

1. e4 e5 2. Nf3 Nc6 3. Bb5 Nge7 4. O-O g6 5. d3 Bg7 6. Bg5 d5 7. Bxc6+ bxc6 8.
Re1 d4 9. Nbd2 f6 10. Bh4 g5 11. Bxg5 fxg5 12. Nxg5 Ng6 13. Qh5 Qf6 14. Nxh7
Qf7 15. Nf3 Bf8 16. Nxe5 Rxh7 17. Qxg6 Qxg6 18. Nxg6 Rg7 19. Nxf8 Kxf8 20. f4
Bh3 21. Re2 Kf7 22. Rf1 Rb8 23. b3 Rbg8 24. Rff2 Kf6 25. g3 Bg4 26. e5+ Ke6 27.
Re4 c5 28. c3 Bf5 29. Re1 dxc3 30. Rc2 Kd5 31. Rxc3 1/2-1/2

[Event "ODJM B 2016"]
[Site "Willingen GER"]
[Date "2016.05.15"]
[Round "2"]
[White "Burdot, Clara"]
[Black "Rempe, Mieke"]
[Result "1/2-1/2"]
[Termination "normal"]
[Board "30"]
[WhiteElo "921"]
[BlackElo "1345"]
[PlyCount "102"]
[WhiteFideId "4004779"]
[BlackFideId "16202384"]
[EventCountry "GER"]
[EventRounds "9"]
[EventType "swiss"]
[EventDate "2016.05.14"]

1. e4 e5 2. Nf3 Nc6 3. d4 exd4 4. Nxd4 Bc5 5. Nb3 Bb6 6. Nc3 Qf6 7. Qe2 Nge7 8.
Nd5 Nxd5 9. exd5+ Ne7 10. a4 a6 11. Bd2 O-O 12. Bc3 Qf5 13. Qxe7 Qxf2+ 14. Kd1
Be3 15. Qe5 f6 16. Qg3 Qxg3 17. hxg3 Bf2 18. Bd3 h6 19. Be1 Be3 20. Rf1 d6 21.
Bd2 Bb6 22. Bf5 Re8 23. Bxc8 Raxc8 24. Re1 Rf8 25. Be3 Bxe3 26. Rxe3 f5 27. Na5
f4 28. gxf4 Rxf4 29. Raa3 b6 30. Nc6 Kh7 31. Ne7 Re8 32. Rac3 Rxa4 33. Rxc7 Rf8
34. Rf3 Re8 35. Nf5 Rg8 36. Nxd6 Rd8 37. Rc6 b5 38. Rd3 Rf8 39. g3 Rf2 40. Ke1
Rh2 41. Nb7 Ra1+ 42. Rd1 Rh1+ 43. Ke2 Rhxd1 44. d6 Re1+ 45. Kf2 Rf1+ 46. Kg2
Rad1 47. d7 Rg1+ 48. Kh2 Rh1+ 49. Kg2 Rhg1+ 50. Kh2 Rh1+ 51. Kg2 Rhg1+ 1/2-1/2

[Event "ODJM B 2016"]
[Site "Willingen GER"]
[Date "2016.05.15"]
[Round "2"]
[White "Toma, Yanis"]
[Black "Borgmann, Simon"]
[Result "0-1"]
[Termination "normal"]
[Board "31"]
[WhiteElo "1319"]
[BlackElo "1318"]
[PlyCount "70"]
[WhiteFideId "16215460"]
[BlackFideId "16234677"]
[EventCountry "GER"]
[EventRounds "9"]
[EventType "swiss"]
[EventDate "2016.05.14"]

1. e4 e5 2. Nf3 Nc6 3. Bc4 Bc5 4. d3 Nf6 5. O-O d6 6. c3 Be6 7. Bxe6 fxe6 8. b4
Bb6 9. a4 a5 10. b5 Ne7 11. Ng5 Qd7 12. Qb3 d5 13. exd5 exd5 14. Nf3 e4 15.
dxe4 Nxe4 16. Ba3 Ng6 17. Bb2 Nf4 18. c4 Qg4 19. Ne1 Ne2+ 20. Kh1 Nxf2+ 21.
Rxf2 Bxf2 22. Qf3 Qxf3 23. Nxf3 Rg8 24. cxd5 O-O-O 25. Nbd2 Rxd5 26. Ne4 Bb6
27. Re1 Nd4 28. Rd1 Rgd8 29. Nc3 R5d7 30. Ne5 Re7 31. Nc4 Nf5 32. Rf1 Re6 33.
h3 Ng3+ 34. Kh2 Nxf1+ 35. Kh1 Bd4 0-1

[Event "ODJM B 2016"]
[Site "Willingen GER"]
[Date "2016.05.15"]
[Round "2"]
[White "Gloyer, Fabian"]
[Black "Hamm, Oliver"]
[Result "1-0"]
[Termination "normal"]
[Board "32"]
[WhiteElo "1386"]
[BlackElo "1400"]
[PlyCount "43"]
[WhiteFideId "16205944"]
[BlackFideId "12999016"]
[EventCountry "GER"]
[EventRounds "9"]
[EventType "swiss"]
[EventDate "2016.05.14"]

1. e4 d5 2. exd5 Qxd5 3. Nc3 Qa5 4. d4 c6 5. Nf3 Bf5 6. Bd3 Bxd3 7. Qxd3 e6 8.
Bf4 Nf6 9. O-O Nh5 10. Bd2 Qc7 11. Rfe1 Bd6 12. Ne4 Bf4 13. Bxf4 Nxf4 14. Qd2
Nd5 15. c4 Nf6 16. Qd3 Nbd7 17. c5 Rd8 18. Nd6+ Ke7 19. Ng5 Rhf8 20. Qf5 g6 21.
Qh3 h5 22. Rxe6+ 1-0

[Event "ODJM B 2016"]
[Site "Willingen GER"]
[Date "2016.05.15"]
[Round "2"]
[White "Caliebe, Nanke"]
[Black "Klühs, Isabel"]
[Result "1-0"]
[Termination "normal"]
[Board "33"]
[WhiteElo "1478"]
[BlackElo "919"]
[PlyCount "167"]
[WhiteFideId "12980528"]
[BlackFideId "16228944"]
[EventCountry "GER"]
[EventRounds "9"]
[EventType "swiss"]
[EventDate "2016.05.14"]

1. d4 Nf6 2. Nf3 d5 3. Bf4 e6 4. e3 Bd6 5. Bg3 Qe7 6. Bd3 Nbd7 7. Nbd2 c5 8. c3
O-O 9. Qc2 c4 10. Be2 b6 11. O-O-O a5 12. e4 Bxg3 13. hxg3 g6 14. Ng5 Rd8 15.
e5 a4 16. exf6 Nxf6 17. Rh4 a3 18. Rdh1 axb2+ 19. Qxb2 h5 20. Ndf3 Ng4 21. Bd1
Qa3 22. Qxa3 Rxa3 23. Kb2 Ra7 24. Nh3 Bd7 25. Bc2 Rda8 26. Ra1 Ba4 27. Bxa4
Rxa4 28. Ne5 Nxe5 29. dxe5 b5 30. Rd4 b4 31. cxb4 Rxb4+ 32. Kc3 Rb6 33. Rd2
Ra3+ 34. Kc2 Ra7 35. Kc1 c3 36. Rd3 Rc7 37. Rb1 Rbc6 38. Kc2 Ra7 39. Rxc3 Rxc3+
40. Kxc3 Rxa2 41. Rb2 Ra1 42. Ng5 Rg1 43. f4 Rc1+ 44. Kd2 Rc6 45. Rb7 Ra6 46.
Rxf7 Ra2+ 47. Ke3 Rxg2 48. Kf3 Rc2 49. Rf6 Rc3+ 50. Kg2 Kg7 51. Nxe6+ Kg8 52.
Rf8+ Kh7 53. Rd8 Rc2+ 54. Kh3 Rc1 55. Rxd5 Rc6 56. Ng5+ Kg7 57. Rd7+ Kf8 58. e6
Ke8 59. Ra7 Rc2 60. Ra5 Re2 61. Re5 Rd2 62. e7 Rd7 63. Nh7 Rxe7 64. Rxe7+ Kxe7
65. Kh4 Kf7 66. Kg5 Kg7 67. Nf6 Kf7 68. Nd7 Kg7 69. Ne5 Kh7 70. Nxg6 Kg7 71. f5
Kf7 72. f6 Kg8 73. Ne5 Kf8 74. Kg6 Kg8 75. f7+ Kf8 76. Nd7+ Ke7 77. f8=Q+ Kxd7
78. Qc5 h4 79. gxh4 Ke6 80. h5 Kd7 81. Qb6 Ke7 82. Qc6 Kf8 83. Qd7 Kg8 84. Qg7#
1-0

[Event "ODJM B 2016"]
[Site "Willingen GER"]
[Date "2016.05.15"]
[Round "2"]
[White "Rokohl, Florian"]
[Black "Abicht, Aruna Sophia"]
[Result "1/2-1/2"]
[Termination "normal"]
[Board "34"]
[WhiteElo "1397"]
[BlackElo "1060"]
[PlyCount "50"]
[WhiteFideId "16229738"]
[EventCountry "GER"]
[EventRounds "9"]
[EventType "swiss"]
[EventDate "2016.05.14"]

1. e4 e5 2. Nf3 Nc6 3. d4 exd4 4. Nxd4 Nxd4 5. Qxd4 Nf6 6. e5 Qe7 7. Be2 Ng8 8.
Nc3 f6 9. exf6 Nxf6 10. Bg5 c6 11. O-O Qd6 12. Bxf6 Qxf6 13. Qxf6 gxf6 14. Rfe1
Bb4 15. Bh5+ Kd8 16. Re3 d5 17. Rf3 Bxc3 18. Rxc3 Bf5 19. Rc1 Bg6 20. Bf3 Re8
21. Kf1 Kd7 22. h4 Re5 23. Re1 Rxe1+ 24. Kxe1 Re8+ 25. Kd2 Re5 1/2-1/2

[Event "ODJM B 2016"]
[Site "Willingen GER"]
[Date "2016.05.15"]
[Round "2"]
[White "Zimmer, Claudius"]
[Black "Ott, Linda"]
[Result "1-0"]
[Termination "normal"]
[Board "35"]
[WhiteElo "1395"]
[BlackElo "1057"]
[PlyCount "27"]
[BlackFideId "12992453"]
[EventCountry "GER"]
[EventRounds "9"]
[EventType "swiss"]
[EventDate "2016.05.14"]

1. e4 e5 2. Nf3 Nc6 3. d4 exd4 4. Bc4 Bb4+ 5. c3 dxc3 6. O-O Nh6 7. Nxc3 Qf6 8.
Nd5 Qd6 9. Bf4 Qg6 10. Nxc7+ Kf8 11. Nxa8 d6 12. a3 Bh3 13. Bg3 Bg4 14. axb4
1-0

[Event "ODJM B 2016"]
[Site "Willingen GER"]
[Date "2016.05.15"]
[Round "2"]
[White "Chalabi, Tom"]
[Black "Lohrmann, Linus"]
[Result "1-0"]
[Termination "normal"]
[Board "36"]
[WhiteElo "1365"]
[BlackElo "1036"]
[PlyCount "149"]
[WhiteFideId "4003012"]
[BlackFideId "12982857"]
[EventCountry "GER"]
[EventRounds "9"]
[EventType "swiss"]
[EventDate "2016.05.14"]

1. e4 e5 2. Nf3 Nc6 3. Bc4 Bc5 4. c3 Nf6 5. d4 exd4 6. cxd4 Bb4+ 7. Bd2 Bxd2+
8. Nbxd2 d5 9. exd5 Nxd5 10. Qb3 Nce7 11. O-O O-O 12. Rfe1 c6 13. Ne4 Be6 14.
Nc5 b5 15. Nxe6 fxe6 16. Bxd5 exd5 17. Qe3 Nf5 18. Qe6+ Kh8 19. Qxc6 Rb8 20.
Rad1 Rb6 21. Qc5 h6 22. Ne5 Kh7 23. Nf3 Qd6 24. Qxd6 Nxd6 25. Re6 Nc4 26. Rxb6
Nxb6 27. b3 a5 28. Rc1 a4 29. Rc5 axb3 30. axb3 b4 31. Rb5 Ra8 32. Kf1 Ra1+ 33.
Ke2 Nc8 34. Rxb4 Ne7 35. Rb7 Nf5 36. Rf7 Ra2+ 37. Kd3 Nd6 38. Rd7 Ra6 39. Ne5
Rb6 40. Kc2 Ra6 41. g4 Ra2+ 42. Kb1 Ra6 43. f4 Rb6 44. Kc2 Ne8 45. Rxd5 Nf6 46.
Rc5 Ne4 47. Rc7 Rf6 48. f5 Rd6 49. Kd3 Nf6 50. Kc4 Ne8 51. Rc6 Rd8 52. b4 Nd6+
53. Kd3 Nb5 54. Kc4 Nd6+ 55. Kd3 Nb5 56. Nf3 Na7 57. Rc7 Nb5 58. Re7 Rc8 59. f6
Rc3+ 60. Ke4 Nd6+ 61. Kf4 Kg8 62. Rxg7+ Kf8 63. Rd7 Nf7 64. Ne5 Nxe5 65. dxe5
Rc4+ 66. Kf5 Rc1 67. Ke6 Rc6+ 68. Kf5 h5 69. e6 hxg4 70. f7 Rb6 71. Kf6 Rxe6+
72. Kxe6 Kg7 73. Kf5 Kh6 74. f8=Q+ Kh5 75. Rh7# 1-0

[Event "ODJM B 2016"]
[Site "Willingen GER"]
[Date "2016.05.15"]
[Round "2"]
[White "Arnold, Alexandria"]
[Black "Stork, Christopher"]
[Result "1-0"]
[Termination "normal"]
[Board "37"]
[WhiteElo "1047"]
[BlackElo "1654"]
[PlyCount "61"]
[WhiteFideId "16205383"]
[BlackFideId "16215400"]
[EventCountry "GER"]
[EventRounds "9"]
[EventType "swiss"]
[EventDate "2016.05.14"]

1. e4 c5 2. c3 Nf6 3. e5 Nd5 4. d4 e6 5. Nf3 Nc6 6. Bc4 Nb6 7. Bb3 d5 8. O-O
Be7 9. Be3 c4 10. Bc2 O-O 11. Nbd2 a5 12. Re1 a4 13. a3 Bd7 14. Nf1 Na5 15. Ng3
Nb3 16. Rb1 Bc6 17. h3 Qc7 18. Nh4 h6 19. Qg4 Kh8 20. Ng6+ Kg8 21. Nxf8 Bxf8
22. Bxh6 g6 23. Bg5 Bg7 24. Qh4 Nd7 25. Nf1 Qc8 26. Nh2 Qf8 27. Rbd1 b5 28. Ng4
Ra7 29. Re3 Rb7 30. Rf3 Ra7 31. Bxg6 1-0

[Event "ODJM B 2016"]
[Site "Willingen GER"]
[Date "2016.05.15"]
[Round "2"]
[White "Reyher, Bastian"]
[Black "Reuter, Max"]
[Result "0-1"]
[Termination "normal"]
[Board "38"]
[WhiteElo "1064"]
[BlackElo "1268"]
[PlyCount "114"]
[WhiteFideId "12927465"]
[BlackFideId "16263715"]
[EventCountry "GER"]
[EventRounds "9"]
[EventType "swiss"]
[EventDate "2016.05.14"]

1. e4 c5 2. Bc4 e6 3. Nf3 a6 4. Nc3 Qc7 5. d4 cxd4 6. Qxd4 Nc6 7. Qd3 Nf6 8.
Be3 b5 9. Bb3 Bb7 10. e5 Nxe5 11. Nxe5 Qxe5 12. O-O-O Be7 13. Rhe1 Qc7 14. g3
O-O 15. h3 d5 16. g4 Nd7 17. Ne2 Ne5 18. Qc3 Qxc3 19. Nxc3 Nf3 20. Re2 Rfd8 21.
Bb6 Rd7 22. Rd3 d4 23. Ne4 Ng5 24. Ng3 Nxh3 25. Rxd4 Rxd4 26. Bxd4 Bf3 27. Rd2
Bg5 28. Be3 Bxe3 29. fxe3 Bxg4 30. a4 g6 31. c4 bxc4 32. Bxc4 Bf3 33. Rd6 Rc8
34. b3 Bd5 35. Kb2 Bxc4 36. bxc4 Rxc4 37. Rxa6 Kf8 38. e4 Ke7 39. a5 Kd7 40. e5
Rc6 41. Ra7+ Rc7 42. Ra6 Ng5 43. Kb3 Nf3 44. Ne4 Nxe5 45. Nf6+ Kc8 46. Nxh7 Kb8
47. Kb4 Ra7 48. Rb6+ Rb7 49. Kc5 Nd7+ 50. Kc6 Nxb6 51. axb6 f5 52. Ng5 e5 53.
Nf3 e4 54. Ne1 g5 55. Kc5 Rd7 56. Kc6 Rd1 57. Nc2 Rc1 0-1

[Event "ODJM B 2016"]
[Site "Willingen GER"]
[Date "2016.05.15"]
[Round "2"]
[White "Schirrmeister, Laura"]
[Black "Beyer, Clemens"]
[Result "0-1"]
[Termination "normal"]
[Board "39"]
[WhiteElo "1351"]
[BlackElo "1028"]
[PlyCount "132"]
[WhiteFideId "24694967"]
[BlackFideId "16245407"]
[EventCountry "GER"]
[EventRounds "9"]
[EventType "swiss"]
[EventDate "2016.05.14"]

1. f4 d5 2. d4 Bf5 3. e3 Nf6 4. Nf3 Nc6 5. Nbd2 Nb4 6. Bd3 Bxd3 7. cxd3 Nxd3+
8. Ke2 Nxc1+ 9. Rxc1 e6 10. Re1 Ng4 11. Kf1 Bd6 12. Kg1 O-O 13. Ng5 Nf6 14. Rf1
h6 15. Ngf3 Ng4 16. Qe1 c6 17. h3 Nf6 18. Ne5 Bb4 19. Rc2 Ne4 20. Nef3 Qa5 21.
a3 Bxd2 22. Nxd2 Nxd2 23. Rxd2 Qd8 24. g4 Qf6 25. h4 Qg6 26. Rg2 Qf6 27. h5 g6
28. g5 hxg5 29. fxg5 Qh8 30. hxg6 fxg6 31. Rxf8+ Rxf8 32. Rh2 Qg7 33. Qh4 Rf5
34. Rf2 Rxf2 35. Kxf2 Qf7+ 36. Ke2 Qh7 37. Qxh7+ Kxh7 38. Kd3 Kg7 39. Kc3 Kf7
40. Kb4 Ke7 41. Kc5 Kd7 42. b3 b6+ 43. Kb4 Kd6 44. a4 a5+ 45. Kc3 c5 46. Kd3 e5
47. Kc3 e4 48. Kd2 cxd4 49. exd4 Kc6 50. Ke3 b5 51. Kf4 bxa4 52. bxa4 Kd6 53.
Ke3 Ke6 54. Kf4 e3 55. Kxe3 Kf5 56. Kf3 Kxg5 57. Kg3 Kf5 58. Kf3 g5 59. Kg3 Ke4
60. Kg4 Kxd4 61. Kxg5 Ke3 62. Kf6 d4 63. Ke5 d3 64. Kd6 d2 65. Kc5 d1=Q 66. Kb6
Qxa4 0-1

[Event "ODJM B 2016"]
[Site "Willingen GER"]
[Date "2016.05.15"]
[Round "2"]
[White "Lorenz, Keana"]
[Black "Klühs, Gustaf"]
[Result "0-1"]
[Termination "normal"]
[Board "40"]
[WhiteElo "1037"]
[BlackElo "1249"]
[PlyCount "56"]
[WhiteFideId "12990248"]
[BlackFideId "16228936"]
[EventCountry "GER"]
[EventRounds "9"]
[EventType "swiss"]
[EventDate "2016.05.14"]

1. e4 c5 2. Nf3 Nc6 3. d4 cxd4 4. Nxd4 Nf6 5. Nc3 e5 6. Nxc6 bxc6 7. Be3 Bb7 8.
Qd2 d5 9. O-O-O d4 10. Bg5 dxc3 11. Qxc3 Qc7 12. Be2 Be7 13. Rd2 O-O 14. Bxf6
Bxf6 15. Rhd1 Rad8 16. Kb1 Rxd2 17. Rxd2 Rd8 18. g3 Rxd2 19. Qxd2 Qd8 20. Qe3
Qb6 21. Qf3 Ba6 22. h4 Bxe2 23. Qxe2 Be7 24. h5 h6 25. g4 Bc5 26. g5 hxg5 27.
Qg4 Qd8 28. Qf5 Qd1# 0-1

[Event "ODJM B 2016"]
[Site "Willingen GER"]
[Date "2016.05.15"]
[Round "2"]
[White "Brunner, Alexander"]
[Black "Ibrahim, Eva"]
[Result "1-0"]
[Termination "normal"]
[Board "41"]
[WhiteElo "1246"]
[BlackElo "973"]
[PlyCount "41"]
[WhiteFideId "12965278"]
[BlackFideId "12993948"]
[EventCountry "GER"]
[EventRounds "9"]
[EventType "swiss"]
[EventDate "2016.05.14"]

1. e4 e5 2. d4 d5 3. dxe5 Qe7 4. Qxd5 f6 5. Nf3 Nc6 6. Bb5 Bd7 7. Bf4 O-O-O 8.
O-O Nb4 9. Bxd7+ Rxd7 10. Qb3 fxe5 11. Nxe5 Rd4 12. Nf7 Nh6 13. Nxh8 Rxe4 14.
Bxh6 gxh6 15. Nc3 Rg4 16. Qf7 Qd6 17. Rad1 Rd4 18. Rxd4 Qxd4 19. Rd1 Qe5 20.
Qxf8+ Qe8 21. Qxe8# 1-0

[Event "ODJM B 2016"]
[Site "Willingen GER"]
[Date "2016.05.15"]
[Round "2"]
[White "Wagner, Margarethe"]
[Black "Rempe, Jonas"]
[Result "0-1"]
[Termination "normal"]
[Board "42"]
[WhiteElo "1036"]
[BlackElo "1245"]
[PlyCount "132"]
[WhiteFideId "16236947"]
[BlackFideId "16202406"]
[EventCountry "GER"]
[EventRounds "9"]
[EventType "swiss"]
[EventDate "2016.05.14"]

1. e4 e5 2. Nf3 Nc6 3. Bb5 a6 4. Ba4 Nf6 5. d3 b5 6. Bb3 Be7 7. O-O d6 8. Bg5
Na5 9. c4 Nxb3 10. axb3 b4 11. Re1 c5 12. Nbd2 O-O 13. Nf1 a5 14. Ng3 Bd7 15.
Nh4 h6 16. Bxf6 Bxf6 17. Nhf5 Be6 18. Nh5 Bxf5 19. exf5 Bg5 20. Ng3 Qd7 21. Qf3
Bf4 22. Nh5 Qxf5 23. Nxf4 Qxf4 24. Qxf4 exf4 25. Red1 Rfe8 26. Kf1 Re7 27. d4
Kf8 28. dxc5 dxc5 29. Rd5 Rc7 30. Ke2 Ke7 31. Kf3 g5 32. Re1+ Kf8 33. Ree5 a4
34. bxa4 Rxa4 35. Re2 Ra1 36. g3 fxg3 37. fxg3 Rc1 38. b3 Rc3+ 39. Re3 Re7 40.
Red3 Re1 41. Kf2 Rb1 42. Ke2 Rb2+ 43. Kd1 Rbxb3 44. Rxc3 Rxc3 45. Rd2 Rxc4 46.
Rb2 Ke7 47. Kd2 Ke6 48. Kd3 Kd5 49. Rb3 Rc3+ 50. Rxc3 bxc3 51. Kxc3 c4 52. Kb2
Kd4 53. Kc2 c3 54. Kb1 h5 55. h3 Kd3 56. Kc1 c2 57. g4 h4 58. Kb2 Kd2 59. Kb3
c1=Q 60. Kb4 Kd3 61. Kb5 Qc7 62. Kb4 Qc4+ 63. Ka5 Qb3 64. Ka6 Kd4 65. Ka5 Kc5
66. Ka6 Qb6# 0-1

[Event "ODJM B 2016"]
[Site "Willingen GER"]
[Date "2016.05.15"]
[Round "2"]
[White "Kobald, Pierre"]
[Black "Rempe, Janne"]
[Result "1-0"]
[Termination "normal"]
[Board "43"]
[WhiteElo "1241"]
[BlackElo "948"]
[PlyCount "77"]
[WhiteFideId "12983659"]
[BlackFideId "16202392"]
[EventCountry "GER"]
[EventRounds "9"]
[EventType "swiss"]
[EventDate "2016.05.14"]

1. e4 e5 2. Nf3 Nc6 3. Bc4 Nf6 4. d4 exd4 5. e5 Ng4 6. Bxf7+ Kxf7 7. Ng5+ Kg8
8. Qxg4 Qe8 9. O-O Qxe5 10. Qf3 Nd8 11. c3 dxc3 12. Nxc3 d6 13. Be3 h6 14. Nge4
d5 15. Ng3 d4 16. Bf4 Qf6 17. Nce4 Qg6 18. Qd3 Ne6 19. Be5 Be7 20. Bxd4 Nxd4
21. Qxd4 Bf6 22. Nxf6+ Qxf6 23. Rfd1 Bf5 24. Qxf6 gxf6 25. Nxf5 Rh7 26. g3 Re8
27. Rd2 Re5 28. Ne3 Rhe7 29. Rd8+ Kf7 30. Nd5 Re1+ 31. Rxe1 Rxe1+ 32. Kg2 c6
33. Nc3 Ke7 34. Rb8 b5 35. Rb7+ Kd6 36. Rxa7 b4 37. Na4 Ra1 38. Nb6 b3 39. axb3
1-0

[Event "ODJM B 2016"]
[Site "Willingen GER"]
[Date "2016.05.15"]
[Round "2"]
[White "Strohschneider, Leon"]
[Black "Gehrke, Korbinian"]
[Result "1-0"]
[Termination "normal"]
[Board "44"]
[WhiteElo "996"]
[BlackElo "1234"]
[PlyCount "93"]
[WhiteFideId "16211634"]
[BlackFideId "12993913"]
[EventCountry "GER"]
[EventRounds "9"]
[EventType "swiss"]
[EventDate "2016.05.14"]

1. e4 c5 2. Nf3 d6 3. d4 cxd4 4. Nxd4 Nf6 5. Nc3 g6 6. Be3 Bg7 7. f3 O-O 8. Qd2
Nc6 9. g4 Bd7 10. O-O-O a6 11. h4 h5 12. gxh5 Nxh5 13. Qf2 Nxd4 14. Bxd4 Bxd4
15. Rxd4 Qb6 16. Qd2 Kg7 17. Rh2 Ng3 18. Bh3 Bxh3 19. Rxh3 Nh5 20. Rd5 Qg1+ 21.
Nd1 Rfc8 22. Rh2 Qg3 23. Rxh5 gxh5 24. Rg2 Qxg2 25. Qxg2+ Kh7 26. Qg5 f6 27.
Qxh5+ Kg7 28. Ne3 Rc5 29. Nf5+ Rxf5 30. Qxf5 Kf7 31. h5 Rg8 32. Qd5+ e6 33.
Qxb7+ Kf8 34. Qb8+ Kg7 35. Qxd6 Kh6 36. Qxe6 Rg1+ 37. Kd2 Rg2+ 38. Kd3 Kg5 39.
Qg8+ Kf4 40. Qxg2 Ke5 41. Qg3+ Ke6 42. Kd4 Kf7 43. Kd5 a5 44. Qg6+ Ke7 45. Qg7+
Kd8 46. Kd6 Kc8 47. Qc7# 1-0

[Event "ODJM B 2016"]
[Site "Willingen GER"]
[Date "2016.05.15"]
[Round "2"]
[White "von der Weyden, Louis"]
[Black "Reiser, Silas"]
[Result "1-0"]
[Termination "normal"]
[Board "45"]
[WhiteElo "1387"]
[BlackElo "926"]
[PlyCount "71"]
[WhiteFideId "16207050"]
[EventCountry "GER"]
[EventRounds "9"]
[EventType "swiss"]
[EventDate "2016.05.14"]

1. g3 c6 2. c4 d5 3. cxd5 cxd5 4. d4 Nc6 5. Nc3 Nf6 6. Bg2 Bf5 7. Bf4 e6 8. e3
Qb6 9. Qd2 Bb4 10. Nge2 Be4 11. f3 Bg6 12. a3 Bxc3 13. Nxc3 O-O 14. O-O Qa6 15.
Bg5 Nd7 16. e4 Qc4 17. Be3 Nb6 18. Rac1 Na5 19. Rc2 Nb3 20. Qd1 Rac8 21. Rff2
Rfd8 22. Nxd5 Qb5 23. Ne7+ Kf8 24. Nxc8 Rxc8 25. Rxc8+ Nxc8 26. Qc2 Nb6 27. Bf1
Qa4 28. Bd3 Nxd4 29. Qxa4 Nxa4 30. Bxd4 b6 31. Rc2 a6 32. Bxa6 f6 33. Rc4 Be8
34. Rc8 e5 35. Be3 Nxb2 36. Bb5 1-0

[Event "ODJM B 2016"]
[Site "Willingen GER"]
[Date "2016.05.15"]
[Round "2"]
[White "Jacoby, Angelina"]
[Black "Zwecker, Simon"]
[Result "1-0"]
[Termination "normal"]
[Board "46"]
[WhiteElo "1240"]
[BlackElo "916"]
[PlyCount "105"]
[WhiteFideId "12999008"]
[BlackFideId "16257677"]
[EventCountry "GER"]
[EventRounds "9"]
[EventType "swiss"]
[EventDate "2016.05.14"]

1. e4 e5 2. Nf3 Nc6 3. Bc4 Nf6 4. d3 Bc5 5. Nc3 O-O 6. Bg5 Nd4 7. Nxd4 Bxd4 8.
Nd5 c6 9. Nxf6+ gxf6 10. Bh6 f5 11. exf5 Qh4 12. Qd2 Re8 13. Qg5+ Qxg5 14. Bxg5
d5 15. Bb3 Bxf5 16. c3 Bc5 17. Bc2 d4 18. O-O Be7 19. Bxe7 Rxe7 20. Rfe1 Kh8
21. cxd4 Rae8 22. dxe5 Rxe5 23. Rxe5 Rxe5 24. d4 Rd5 25. Bxf5 Rxf5 26. Re1 Rd5
27. Re4 c5 28. f3 cxd4 29. Re1 Rc5 30. Rd1 Rc2 31. Rxd4 Rxb2 32. Ra4 Kg7 33. h4
Kf6 34. Kh2 Kf5 35. Kh3 b5 36. Rxa7 Kf4 37. Rxf7+ Ke3 38. Ra7 Kf4 39. Ra3 Rb1
40. g3+ Kf5 41. Ra5 Ke6 42. Ra3 b4 43. Rb3 Rxb3 44. axb3 Kd5 45. f4 Ke4 46. Kg4
Kd3 47. f5 Kc3 48. f6 Kxb3 49. f7 Ka4 50. f8=Q b3 51. Qf6 Ka3 52. Kh5 b2 53.
Qxb2+ 1-0